|
|
|
|
| LEADER |
00000nam a2200000 a 4500 |
| 001 |
vtls001330402 |
| 003 |
SK-MaSNL |
| 005 |
20260301235700.0 |
| 008 |
240313s1998 xo a r rus |
| 015 |
|
|
|a SNBA1998/11-04240
|
| 020 |
|
|
|a 8088902045
|
| 035 |
|
|
|a SNK000283264
|
| 035 |
|
|
|a urn:nbn:sk:snk-amtjln
|
| 035 |
|
|
|a urn:nbn:sk:snk-am00c6br
|
| 035 |
|
|
|a 703B31ED-591C-40CF-BE19-CA556959A2E5
|
| 040 |
|
|
|a SNK
|b slo
|c SNK
|e AACR2
|
| 041 |
0 |
|
|a rus
|
| 044 |
|
|
|a xo
|c SK
|
| 080 |
|
|
|a 264:281.94=82
|2 1981
|
| 080 |
|
|
|a 281.94=82
|2 1981
|
| 100 |
0 |
|
|a Ján Zlatoústy,
|c svätý,
|d asi 347-407
|4 aut
|9 20762
|
| 245 |
1 |
|
|a Božéstvennaja ljiturgíja íže vo svjatých' otca nášego Ioánna Zlatoústago
|
| 260 |
|
|
|a Prešov
|b Spolok biskupa Petra Pavla Gojdiča
|c [1998]
|
| 300 |
|
|
|a 112 s.
|b ilustr.
|c 34 s.
|
| 500 |
|
|
|a Vyd. pre Gréckokatolícku cirkev na Slovensku
|
| 500 |
|
|
|a Faksimile vyd.
|
| 610 |
0 |
7 |
|a Gréckokatolícka cirkev
|x liturgia
|2 SNK
|9 579589
|
| 650 |
0 |
7 |
|a gréckokatolícka liturgia
|2 SNK
|9 69403
|
| 655 |
|
7 |
|a príručky
|2 SNK
|9 74364
|
| 710 |
0 |
|
|a Gréckokatolícka cirkev
|4 pbl
|9 32576
|
| 919 |
|
|
|a 80-88902-04-5
|
| 958 |
|
|
|a TL
|
| 958 |
|
|
|a NT
|
| 958 |
|
|
|a OND
|
| 999 |
|
|
|c 976150
|d 978080
|
| 952 |
|
|
|t P60, <09>, [BOOK], {629}
|a SNK
|b SNK
|y NEVYP
|7 0
|o snkB 269
|i snk892/980514
|0 0
|1 0
|4 0
|d 1998-05-12
|l 0
|r 2005-01-02 00:00:00
|w 2026-02-24
|
| 952 |
|
|
|t P60, <03>, [BOOK], {603}
|a SNK
|b SNK
|y PREZ
|7 0
|p 17A0138465
|o snkSB 58721
|i snkKSP 5130/98
|0 0
|1 0
|4 0
|d 1998-05-12
|f 1
|l 0
|r 2017-06-30 00:00:00
|w 2026-02-24
|
| 952 |
|
|
|t P60, <04>, [BOOK], {604}
|a SNK
|b SNK
|y VYP
|7 0
|p 17A0138466
|o snkSB 58721 D1
|i snkKSP 5131/98
|0 0
|1 0
|4 0
|d 1998-05-12
|l 0
|r 2005-01-02 00:00:00
|w 2026-02-24
|